[Event "Reykjavik Open 2026"]
[Site "Reykjavik ISL"]
[Date "2026.03.25"]
[Round "1.142"]
[White "Texe, Eirik"]
[Black "Perry, Andrew Blair"]
[Result "1-0"]
[WhiteElo "1846"]
[BlackElo "1604"]
[WhiteFideId "1569481"]
[BlackFideId "30958563"]
[EventDate "2026.03.25"]

1. e4 e6 2. d4 d5 3. Nc3 Nf6 4. e5 Nfd7 5. f4 c5 6. Nf3 Nc6 7. Be3 Qb6 8. Na4
Qa5+ 9. c3 cxd4 10. b4 Qd8 11. Nxd4 Nxd4 12. Bxd4 Be7 13. Qg4 g6 14. Bd3 b6 15.
O-O a5 16. Bb5 Ba6 17. Qe2 Bxb5 18. Qxb5 axb4 19. cxb4 Rb8 20. Rfc1 O-O 21. g3
Rb7 22. Rc6 Qb8 23. Rac1 Bd8 24. a3 Bc7 25. Nb2 Qa7 26. Nd3 Ra8 27. Nf2 Qb8 28.
R1c3 Raa7 29. Ng4 Qd8 30. Rc2 Kg7 31. R6c3 Rb8 32. Kg2 h5 33. Nf2 Rbb7 34. Nh3
Kg8 35. Ng5 Ra8 36. h3 Rab8 37. h4 Rc8 38. a4 Rcb8 39. g4 hxg4 40. Kg3 Nf8 41.
Kxg4 Nh7 42. Qd3 Nxg5 43. fxg5 Qe7 44. Qb5 Kg7 45. Rc6 Qd8 46. Qf1 Ra8 47. Qb5
Rab8 48. Qd3 Ra8 49. Qb3 Rab8 50. Qc3 Rc8 51. b5 Qd7 52. Bxb6 Bxb6 53. Rxc8 d4
54. Qf3 d3 55. Qf6+ 1-0

[Event "Reykjavik Open 2026"]
[Site "Reykjavik ISL"]
[Date "2026.03.25"]
[Round "1.143"]
[White "Smith, Steve"]
[Black "Mahabiersing, Caspar"]
[Result "1/2-1/2"]
[WhiteElo "1842"]
[BlackElo "1595"]
[WhiteFideId "1802119"]
[BlackFideId "40119882"]
[EventDate "2026.03.25"]

1. e4 e6 2. d4 d5 3. e5 c5 4. c3 Nc6 5. Nf3 Nh6 6. Bd3 Nf5 7. O-O cxd4 8. Bxf5
exf5 9. cxd4 h6 10. Nc3 Be6 11. Qb3 Qd7 12. h4 Be7 13. Rd1 a6 14. Ne2 b5 15. Bd2
Qd8 16. Rac1 Rc8 17. a4 bxa4 18. Qxa4 Qb6 19. Nf4 Qb5 20. Qxb5 axb5 21. Nxe6
fxe6 22. Rc2 Kd7 23. Rdc1 b4 24. Be3 Na5 25. h5 Nb3 26. Rxc8 Rxc8 27. Rxc8 Kxc8
28. Nd2 Nxd2 29. Bxd2 Kb7 30. b3 Kc7 31. f3 Kd7 32. g4 fxg4 33. fxg4 Ke8 34. Kg2
Kf7 35. Kf3 g5 36. Ke2 Ke8 37. Kd3 Kd7 38. Bc1 Kc6 39. Kc2 Kb5 40. Bd2 Kc6 41.
Kd3 Kb5 42. Kc2 1/2-1/2

[Event "Reykjavik Open 2026"]
[Site "Reykjavik ISL"]
[Date "2026.03.25"]
[Round "1.144"]
[White "Jonsdottir, Halldora"]
[Black "Labruyere, Robert Nirina"]
[Result "0-1"]
[WhiteElo "1593"]
[BlackElo "1836"]
[WhiteFideId "2321939"]
[BlackFideId "285943"]
[EventDate "2026.03.25"]

1. e4 e5 2. Nf3 Nc6 3. Bc4 Nf6 4. d3 Be7 5. Bg5 d6 6. h3 Na5 7. Bb3 O-O 8. c3
Nxb3 9. Qxb3 Kh8 10. O-O Ng8 11. Be3 f5 12. exf5 Rxf5 13. Nbd2 Qe8 14. Ne4 Qg6
15. Ng3 Rf8 16. Rad1 h5 17. h4 Nh6 18. Bxh6 Qxh6 19. d4 Bg4 20. Qxb7 Bxf3 21.
gxf3 Rab8 22. Qxc7 Bxh4 23. b3 Rbc8 24. Qa5 Rxf3 25. dxe5 Qg5 26. Qd5 Rcf8 27.
exd6 R8f5 28. Qa8+ Kh7 29. d7 Bxg3 30. Qh8+ Kg6 31. Qe8+ Rf7 32. Qe6+ R7f6 33.
Qe8+ Kh7 34. Qh8+ Kxh8 35. d8=Q+ Kh7 36. Qd7 Bxf2+ 37. Kh2 Qh4+ 38. Kg2 Rg3# 0-1

[Event "Reykjavik Open 2026"]
[Site "Reykjavik ISL"]
[Date "2026.03.25"]
[Round "1.146"]
[White "Hausberg, Volkmar-Dirk"]
[Black "Helgadottir, Idunn"]
[Result "0-1"]
[BlackTitle "WCM"]
[WhiteElo "1583"]
[BlackElo "1831"]
[WhiteFideId "533023280"]
[BlackFideId "2314118"]
[EventDate "2026.03.25"]

1. d4 d5 2. Nf3 e6 3. c4 a6 4. Nc3 dxc4 5. e4 b5 6. g3 Bb7 7. Bg2 Nf6 8. e5 Nd5
9. O-O Be7 10. Qe2 O-O 11. Rd1 Nd7 12. Ne4 h6 13. Bd2 Qb8 14. h4 c5 15. Nxc5
Nxc5 16. dxc5 Bxc5 17. Re1 Rd8 18. Rad1 Qa7 19. a3 Ne7 20. Be3 Nf5 21. Bxc5 Qxc5
22. Qc2 Rac8 23. Kh2 Bxf3 24. Bxf3 Nd4 25. Qe4 Nxf3+ 26. Qxf3 Rd3 27. Rxd3 cxd3
28. Kg2 d2 29. Rd1 Qd4 30. Qe3 Qd5+ 31. Kh3 Rd8 32. f4 h5 33. Kh2 a5 34. Kg1 Qc4
35. Kf2 Rd3 36. Qe2 Qd4+ 37. Kg2 g6 38. Kf1 Rxg3 39. Qxd2 Qg1+ 40. Ke2 Qh2+ 0-1

[Event "Reykjavik Open 2026"]
[Site "Reykjavik ISL"]
[Date "2026.03.25"]
[Round "1.147"]
[White "Hauksdottir, Hrund"]
[Black "Proudfoot, Andy"]
[Result "1-0"]
[WhiteElo "1830"]
[BlackElo "1580"]
[WhiteFideId "2302608"]
[BlackFideId "487910"]
[EventDate "2026.03.25"]

1. e4 d5 2. exd5 Nf6 3. Nc3 e6 4. Bb5+ c6 5. dxc6 Nxc6 6. Nf3 Bd7 7. d4 a6 8.
Ba4 b5 9. Bb3 Bb4 10. O-O O-O 11. Qd3 Be7 12. Bg5 Qc7 13. Rad1 Rfd8 14. Ne4 Nb4
15. Qe2 Nfd5 16. c3 Nc6 17. Bxe7 Ncxe7 18. Ne5 Nf4 19. Qf3 Nfg6 20. Qxf7+ Kh8
21. Nxg6+ Nxg6 22. Bxe6 Qc6 23. Bd5 1-0

[Event "Reykjavik Open 2026"]
[Site "Reykjavik ISL"]
[Date "2026.03.25"]
[Round "1.148"]
[White "Schroeder, Liam Maddox"]
[Black "Cogelja, Mihovil Niko"]
[Result "0-1"]
[WhiteElo "1577"]
[BlackElo "1829"]
[WhiteFideId "34651020"]
[BlackFideId "2528304"]
[EventDate "2026.03.25"]

1. e4 c5 2. c3 d5 3. exd5 Qxd5 4. Nf3 Nc6 5. Be2 Nf6 6. Qb3 Qxb3 7. axb3 Bf5 8.
Na3 O-O-O 9. O-O Nd5 10. d4 cxd4 11. Nxd4 Nxd4 12. cxd4 e6 13. Nc4 Kb8 14. Ne5
Bg6 15. Ba6 Bd6 16. Nxg6 hxg6 17. Bc4 Bxh2+ 18. Kh1 Be5+ 19. Kg1 Bxd4 20. Bxd5
Rxd5 21. Be3 Bxe3 22. fxe3 f6 23. Rad1 Rhd8 24. Rc1 Rd3 25. Rc3 Rxc3 26. bxc3
Rd3 27. Kf2 Rxc3 28. Rb1 Kc7 29. Kf3 a5 30. b4 a4 31. Ra1 b5 32. Rb1 Rb3 33.
Rc1+ Kd6 34. Rd1+ Ke5 35. Rd4 a3 36. Re4+ Kd5 37. Rd4+ Kc6 38. Rd2 Rxb4 39. Rc2+
Kb6 40. Ra2 Ra4 41. g3 b4 42. Ra1 a2 43. g4 b3 44. Rd1 a1=Q 45. Rd6+ Kc7 46.
Rxe6 Qf1+ 47. Kg3 Qg1+ 48. Kf3 Qxg4+ 49. Kf2 Ra2+ 50. Kf1 Qd1# 0-1

[Event "Reykjavik Open 2026"]
[Site "Reykjavik ISL"]
[Date "2026.03.25"]
[Round "1.149"]
[White "Lu, Karson"]
[Black "Sankrithi, Siva"]
[Result "1-0"]
[WhiteElo "1827"]
[BlackElo "1575"]
[WhiteFideId "2661756"]
[BlackFideId "2088231"]
[EventDate "2026.03.25"]

1. e4 b6 2. Nf3 Bb7 3. Nc3 e6 4. Be2 Bb4 5. d3 Bxc3+ 6. bxc3 Nf6 7. Bg5 h6 8.
Bh4 g5 9. Bg3 d6 10. Qd2 Nh5 11. Nd4 Nxg3 12. hxg3 c5 13. Nf3 e5 14. Nxg5 Qf6
15. Nf3 Nc6 16. Nh4 Ne7 17. c4 Qg5 18. O-O-O Qxd2+ 19. Kxd2 Bc8 20. g4 Be6 21.
Nf5 Bxf5 22. exf5 Kd7 23. Rh5 Nc6 24. c3 Rh7 25. Bf3 Rah8 26. Rdh1 f6 27. g3 Nd8
28. Bd5 Ke7 29. f4 Nf7 30. Bxf7 Kxf7 31. g5 fxg5 32. fxg5 Rg7 33. Ke3 Rhg8 34.
g6+ Kf6 35. g4 a5 36. Rxh6 Kg5 37. Kf3 Rd7 38. R1h5+ Kf6 39. Ke4 Rdg7 40. g5+ 1-0

[Event "Reykjavik Open 2026"]
[Site "Reykjavik ISL"]
[Date "2026.03.25"]
[Round "1.150"]
[White "Barlage, Stefan"]
[Black "Otto, Michael"]
[Result "0-1"]
[WhiteElo "1571"]
[BlackElo "1827"]
[WhiteFideId "34698558"]
[BlackFideId "24617822"]
[EventDate "2026.03.25"]

1. e4 c5 2. c3 g6 3. d4 cxd4 4. cxd4 d5 5. e5 Bg7 6. Nf3 Bg4 7. Be2 Nc6 8. O-O
a6 9. Re1 Nh6 10. Nbd2 Rc8 11. Nb3 O-O 12. h3 Bxf3 13. Bxf3 e6 14. a3 Qe7 15.
Be3 Nf5 16. Qd2 f6 17. Bf4 fxe5 18. Bxe5 Nxe5 19. dxe5 Bh6 20. Qe2 Rc4 21. Rac1
Bxc1 22. Rxc1 Rxc1+ 23. Nxc1 Nd4 24. Qe3 Nxf3+ 25. gxf3 Qh4 26. f4 Qxf4 27. Qxf4
Rxf4 28. Nd3 Rc4 29. Kf1 Kf7 30. Kg2 g5 31. Kg3 Kg6 32. Kf3 Kf5 33. Ke3 h5 34.
f3 b6 35. Ke2 Rd4 36. Ke3 Rxd3+ 37. Kxd3 Kxe5 38. Ke3 Kf5 39. Kd3 e5 40. Ke3 d4+ 0-1

[Event "Reykjavik Open 2026"]
[Site "Reykjavik ISL"]
[Date "2026.03.25"]
[Round "1.151"]
[White "Westcott, Dale"]
[Black "Tsai, Nicholas"]
[Result "1-0"]
[WhiteElo "1822"]
[BlackElo "1564"]
[WhiteFideId "1806017"]
[BlackFideId "39954811"]
[EventDate "2026.03.25"]

1. Nf3 d5 2. g3 Nd7 3. d4 Nb6 4. Bg2 Bf5 5. O-O e6 6. Nbd2 Nf6 7. c4 dxc4 8.
Nxc4 c6 9. Nce5 Bd6 10. b3 O-O 11. Bb2 Bxe5 12. Nxe5 Nfd7 13. e4 Bg6 14. Nxg6
hxg6 15. a4 Nf6 16. Re1 Rc8 17. Rc1 Qe7 18. a5 Na8 19. d5 Rfd8 20. Qd4 a6 21.
Rcd1 exd5 22. exd5 Qd6 23. dxc6 Qxd4 24. Rxd4 Rxd4 25. cxb7 Rcd8 26. Bxd4 Nc7
27. Bb6 1-0

[Event "Reykjavik Open 2026"]
[Site "Reykjavik ISL"]
[Date "2026.03.25"]
[Round "1.152"]
[White "Endo van Dooijeweert, Sebastian"]
[Black "Gilbert, Alistair"]
[Result "0-1"]
[WhiteElo "1561"]
[BlackElo "1820"]
[WhiteFideId "7007167"]
[BlackFideId "343419160"]
[EventDate "2026.03.25"]

1. e4 c6 2. Nc3 d5 3. Nf3 Bg4 4. h3 Bh5 5. exd5 cxd5 6. Bb5+ Nc6 7. g4 Bg6 8.
Ne5 Rc8 9. Qe2 e6 10. d4 Bb4 11. Bd2 Kf8 12. h4 Nxe5 13. Qxe5 h5 14. g5 Ne7 15.
a3 Bd6 16. Qe2 Nf5 17. Be3 Qa5 18. a4 Bb4 19. Kf1 Bxc3 20. bxc3 Qxc3 21. Rc1
Qxe3 22. Qxe3 Nxe3+ 23. fxe3 Rc3 24. Rh3 Ke7 25. Ke1 Rhc8 26. Kd1 Rxc2 27. Rb1
Rg2 28. Bf1 Bxb1 29. Bxg2 Bc2+ 30. Kd2 Bxa4 31. Bf3 g6 32. e4 dxe4 33. Bxe4 Bc6
34. Rc3 Kd6 35. Bxc6 Rxc6 36. Rf3 Rc7 37. Kd3 b5 38. Ke4 b4 39. Rb3 a5 40. Kd3
Rc3+ 41. Rxc3 bxc3 42. Kxc3 Kd5 43. Kd3 a4 44. Kc3 a3 45. Kb3 Kxd4 46. Kxa3 Kd3
47. Kb2 Kd2 48. Kb3 e5 49. Kc4 e4 50. Kd5 e3 51. Ke5 e2 52. Kf6 e1=Q 53. Kxf7
Qe4 54. Kf6 Qf5+ 55. Kg7 Ke3 56. Kh6 Kf4 57. Kg7 Kg4 58. Kh6 Kxh4 59. Kg7 Kxg5
60. Kh7 Qd7+ 61. Kg8 Kf6 62. Kh8 Qg7# 0-1

[Event "Reykjavik Open 2026"]
[Site "Reykjavik ISL"]
[Date "2026.03.25"]
[Round "1.153"]
[White "Magnusson, Gisli"]
[Black "Akason, Aevar"]
[Result "1-0"]
[WhiteElo "1816"]
[BlackElo "1557"]
[WhiteFideId "1437330"]
[BlackFideId "2307090"]
[EventDate "2026.03.25"]

1. e4 c5 2. Nc3 Nc6 3. f4 e6 4. Nf3 d6 5. d3 a6 6. a4 Be7 7. Be3 Bh4+ 8. Nxh4
Qxh4+ 9. g3 Qf6 10. Bg2 Nd4 11. a5 Ne7 12. Na4 Rb8 13. c3 Ndc6 14. Nb6 O-O 15.
O-O Rd8 16. h3 Qg6 17. Qg4 Qxg4 18. hxg4 Bd7 19. e5 dxe5 20. Bxc5 exf4 21. Bd6
fxg3 22. Bxb8 Nxb8 23. Bxb7 Bc6 24. Bxc6 Nbxc6 25. d4 Ng6 26. b4 Na7 27. Rac1
Nb5 28. d5 exd5 29. Nxd5 Rxd5 30. c4 Rd4 31. cxb5 axb5 32. Rc8+ Nf8 33. a6 Rd7
34. Ra1 Ra7 35. Rb8 1-0

[Event "Reykjavik Open 2026"]
[Site "Reykjavik ISL"]
[Date "2026.03.25"]
[Round "1.154"]
[White "Xu, Ruixi"]
[Black "Larsson, Elin"]
[Result "0-1"]
[WhiteElo "1550"]
[BlackElo "1815"]
[WhiteFideId "8640610"]
[BlackFideId "1771787"]
[EventDate "2026.03.25"]

1. d4 Nf6 2. c4 g6 3. Nf3 Bg7 4. g3 d6 5. Bg2 O-O 6. O-O Nbd7 7. Qc2 e5 8. dxe5
dxe5 9. Rd1 Qe7 10. Nc3 c6 11. Ne4 Nxe4 12. Qxe4 f5 13. Qc2 Nf6 14. Bg5 h6 15.
Bxf6 Bxf6 16. Qb3 Be6 17. Qa4 Qc5 18. Rac1 a5 19. Qb3 b5 20. Qc2 e4 21. Ne1 Qxc4
22. Qxc4 Bxc4 23. b3 Bd5 24. Nc2 Bg5 25. e3 Bf6 26. Bf1 Rfd8 27. Ne1 Kf7 28. Ng2
g5 29. Be2 Be5 30. h4 Ke6 31. Kf1 Bd6 32. hxg5 hxg5 33. Ne1 a4 34. Nc2 Be5 35.
Nb4 axb3 36. axb3 Bxb3 37. Rxd8 Rxd8 38. Nxc6 Rd5 39. Nb4 Rd6 40. Bxb5 Rd1+ 41.
Rxd1 Bxd1 42. Ke1 Bf3 43. Kd2 Bd6 44. Nc2 Kf6 45. Bd7 Kg6 46. Nd4 Bb4+ 47. Kc1
Bg4 48. Nc2 Bc3 49. Bb5 Kf6 50. Bf1 Bh5 51. Bc4 Be8 52. Bb3 Bh5 53. Bc4 Ke5 54.
Bf1 Be8 55. Bh3 g4 56. Bf1 Ba4 57. Be2 Bxc2 58. Kxc2 Be1 59. Kd1 Bxf2 60. Kd2
Bxg3 61. Bd1 Bf2 62. Ke2 g3 63. Kf1 Bxe3 64. Kg2 Bf2 65. Bh5 f4 0-1

[Event "Reykjavik Open 2026"]
[Site "Reykjavik ISL"]
[Date "2026.03.25"]
[Round "1.155"]
[White "Lekoudis, George"]
[Black "Johannsdottir, Hildur Berglind"]
[Result "1-0"]
[WhiteElo "1814"]
[BlackElo "1545"]
[WhiteFideId "484679"]
[BlackFideId "2306425"]
[EventDate "2026.03.25"]

1. e4 c6 2. Nc3 d5 3. Nf3 Bg4 4. Be2 e6 5. d3 Bxf3 6. Bxf3 d4 7. Ne2 e5 8. c3 c5
9. Ng3 Nc6 10. Be2 Nge7 11. f4 exf4 12. Bxf4 Ng6 13. Bd2 Bd6 14. Nf5 Be5 15. O-O
Qc7 16. g3 Nce7 17. Qa4+ Kf8 18. Nxe7 Kxe7 19. Qc4 f6 20. Rf5 b6 21. Rb1 Nf8 22.
Bf4 Nd7 23. cxd4 Bxd4+ 24. Kg2 Qc6 25. Bf3 Qe6 26. Rd5 Be5 27. Be3 h5 28. h3 g5
29. g4 h4 30. Qa6 Rhc8 31. Bd1 Rc7 32. Ba4 Rd8 33. a3 Nb8 34. Qc4 Rxd5 35. exd5
Qd6 36. Qe4 Kd8 37. Bb3 Re7 38. Qf3 Nd7 39. Bc4 a5 40. b4 axb4 41. axb4 cxb4 42.
d4 Bg3 43. Bd2 Rf7 44. Bd3 Qc7 45. Bxb4 Bh2 46. Re1 b5 47. Bg6 Bg3 48. Bxf7 Bxe1
49. Bxe1 Qd6 50. Qe4 b4 51. Qe8+ Kc7 52. Be6 b3 53. Bxd7 Qxd5+ 54. Kf2 Qxd4+ 55.
Qe3 Qxe3+ 56. Kxe3 Kxd7 57. Bc3 Ke7 58. Ke4 Ke6 59. Bb2 Kf7 60. Kf5 Kg7 61.
Bxf6+ Kh6 62. Bxg5+ Kg7 63. Bc1 1-0

[Event "Reykjavik Open 2026"]
[Site "Reykjavik ISL"]
[Date "2026.03.25"]
[Round "1.156"]
[White "Karlsson, Sighvatur"]
[Black "McCallum, Elliot"]
[Result "0-1"]
[WhiteElo "1544"]
[BlackElo "1812"]
[WhiteFideId "2307936"]
[BlackFideId "2645718"]
[EventDate "2026.03.25"]

1. e4 c5 2. Nf3 Nc6 3. d4 cxd4 4. Nxd4 Nf6 5. Nc3 e5 6. Nxc6 bxc6 7. a3 Bc5 8.
Bg5 O-O 9. Bd3 h6 10. Bxf6 Qxf6 11. O-O Rb8 12. Rb1 Rd8 13. Ne2 d5 14. exd5 cxd5
15. c3 e4 16. Bc2 Ba6 17. Re1 Bxf2+ 18. Kh1 Bxe1 19. Qxe1 Bxe2 20. Qxe2 Qe5 21.
Qe3 d4 22. cxd4 Qxd4 23. Qxe4 Qxe4 24. Bxe4 Rxb2 25. Rc1 Ra2 26. h3 Rxa3 27. Kh2
a5 28. Rc6 Re3 29. Bc2 Ra8 30. Rc4 g6 31. Be4 Rxe4 32. Rxe4 a4 33. Re1 a3 34.
Ra1 Kf8 35. h4 Ke7 36. g3 Kd6 37. Kg2 Kc5 38. Kf3 Kc4 39. Kf4 Kb3 0-1

[Event "Reykjavik Open 2026"]
[Site "Reykjavik ISL"]
[Date "2026.03.25"]
[Round "1.157"]
[White "Gautier, Marc"]
[Black "Horie, Ryosuke"]
[Result "1-0"]
[WhiteElo "1811"]
[BlackElo "1533"]
[WhiteFideId "20690657"]
[BlackFideId "7006438"]
[EventDate "2026.03.25"]

1. e4 e5 2. Nf3 Nf6 3. Nxe5 d6 4. Nf3 Nxe4 5. Nc3 Nxc3 6. dxc3 Be7 7. Be3 O-O 8.
Qd2 Nc6 9. O-O-O Be6 10. Kb1 a6 11. h4 b5 12. Ng5 Qb8 13. Bd3 h6 14. Nxe6 fxe6
15. Bxh6 b4 16. Bg5 bxc3 17. Qxc3 Bf6 18. Bxf6 Rxf6 19. Qxc6 Rxf2 20. Qe4 Ra7
21. Qxe6+ Kf8 22. Rhf1 Qb6 23. Rxf2+ Qxf2 24. Rf1 Qxf1+ 25. Bxf1 c5 26. Bc4 Rf7
27. Qxf7# 1-0

[Event "Reykjavik Open 2026"]
[Site "Reykjavik ISL"]
[Date "2026.03.25"]
[Round "1.158"]
[White "Bajnath, Amresh"]
[Black "Stolpe, Samuel"]
[Result "0-1"]
[WhiteElo "1529"]
[BlackElo "1810"]
[WhiteFideId "40114716"]
[BlackFideId "30941202"]
[EventDate "2026.03.25"]

1. d4 Nf6 2. c4 e6 3. Nc3 Bb4 4. a3 Bxc3+ 5. bxc3 O-O 6. e3 b6 7. Be2 Ba6 8. Nf3
Nc6 9. O-O Na5 10. Nd2 d5 11. cxd5 Bxe2 12. Qxe2 exd5 13. a4 Qd7 14. c4 c5 15.
Bb2 Qe6 16. cxd5 Nxd5 17. dxc5 bxc5 18. Ba3 Rfc8 19. Qb5 Nc6 20. Qxc5 Ncb4 21.
Qa5 Nc2 22. Rac1 Ndxe3 23. fxe3 Qxe3+ 24. Kh1 Nxa3 25. Rxc8+ Rxc8 26. Qd5 Qe6
27. Qb7 Nc4 28. Nxc4 Qxc4 29. Kg1 Qc5+ 30. Kh1 f6 31. a5 Rc7 32. Qb8+ Kf7 33.
Qb3+ Qc4 34. Qd1 Qb5 35. Qa1 Rc5 36. Qa2+ Kg6 37. h3 Qxf1+ 38. Kh2 Qf4+ 39. g3
Qe4 0-1

[Event "Reykjavik Open 2026"]
[Site "Reykjavik ISL"]
[Date "2026.03.25"]
[Round "1.159"]
[White "Arnalds, Stefan"]
[Black "Sigurbjornsson, Ivar Orn"]
[Result "1-0"]
[WhiteElo "1809"]
[BlackElo "1527"]
[WhiteFideId "2304821"]
[BlackFideId "2305305"]
[EventDate "2026.03.25"]

1. Nf3 Nf6 2. g3 g6 3. Bg2 d5 4. d4 Bg7 5. O-O b6 6. c4 Bb7 7. cxd5 Bxd5 8. Nc3
Bb7 9. Bf4 a6 10. Rc1 O-O 11. Qc2 Nh5 12. Be3 Nd7 13. Rfd1 Rc8 14. Ne5 Bxg2 15.
Kxg2 Qe8 16. Nc6 e6 17. Qa4 Nb8 18. Nxb8 b5 19. Qxa6 Rxb8 20. Ne4 Rb6 21. Qa7
Rc6 22. Qb7 Rxc1 23. Rxc1 f5 24. Ng5 h6 25. Nh3 g5 26. Rxc7 e5 27. Re7 Qg6 28.
dxe5 Re8 29. Rxe8+ Qxe8 30. f4 Bxe5 31. Qd5+ Kh7 32. Qxe5 Qc6+ 33. Kf2 Qh1 34.
Qxf5+ Kg8 35. Qg4 Qxh2+ 36. Kf3 Qh1+ 37. Kf2 Qh2+ 38. Ke1 Nf6 39. Qe6+ Kg7 40.
Bd4 1-0

[Event "Reykjavik Open 2026"]
[Site "Reykjavik ISL"]
[Date "2026.03.25"]
[Round "1.160"]
[White "Creve, Roeland"]
[Black "Grettisson, Arnar Breki"]
[Result "0-1"]
[WhiteElo "1524"]
[BlackElo "1808"]
[WhiteFideId "40103404"]
[BlackFideId "2322790"]
[EventDate "2026.03.25"]

1. d4 Nf6 2. Bf4 d5 3. e3 c5 4. Nf3 Nc6 5. c4 Bg4 6. Nc3 cxd4 7. exd4 e6 8. Be2
Be7 9. O-O O-O 10. h3 Bh5 11. a3 Rc8 12. b4 dxc4 13. Rc1 Nd5 14. g4 Nxf4 15.
gxh5 Nxh3+ 16. Kh1 Ng5 17. Rg1 Nxf3 18. Bxf3 Bg5 19. Rxg5 Qxg5 20. Ne2 Qh4+ 21.
Kg2 b5 22. d5 Ne5 23. Ng3 Nd3 24. Rc3 Qd4 25. Ne4 exd5 26. Nc5 Qxc3 27. Bxd5
Nxc5 28. bxc5 Qd3 29. Qg4 Qxd5+ 0-1

[Event "Reykjavik Open 2026"]
[Site "Reykjavik ISL"]
[Date "2026.03.25"]
[Round "1.161"]
[White "Carr, Jay"]
[Black "Sankrithi, Vivaan Krishna"]
[Result "1-0"]
[WhiteElo "1805"]
[BlackElo "1503"]
[WhiteFideId "30922690"]
[BlackFideId "39949419"]
[EventDate "2026.03.25"]

1. Nf3 e6 2. b3 d5 3. Bb2 c5 4. e3 Nc6 5. Bb5 Bd7 6. O-O a6 7. Bxc6 Bxc6 8. Ne5
Nf6 9. d3 Bd6 10. Nxc6 bxc6 11. Nd2 h5 12. Qe2 Rh6 13. e4 Bxh2+ 14. Kxh2 Ng4+
15. Kh3 Qb8 16. e5 g5 17. f3 Qb4 18. fxg4 hxg4+ 19. Kg3 Ke7 20. a3 Qb8 21. Qe3
Rh5 22. Qxc5+ Ke8 23. Qxc6+ Ke7 24. a4 Qa7 25. Ba3+ Kd8 26. Bc5 Rc8 27. Qxc8+ 1-0

[Event "Reykjavik Open 2026"]
[Site "Reykjavik ISL"]
[Date "2026.03.25"]
[Round "1.162"]
[White "Austin, Hazel"]
[Black "Geirsson, Kristjan"]
[Result "1-0"]
[WhiteElo "1501"]
[BlackElo "1805"]
[WhiteFideId "39951138"]
[BlackFideId "2313596"]
[EventDate "2026.03.25"]

1. e4 e5 2. Nf3 Nc6 3. Bc4 Nf6 4. O-O Bc5 5. d4 exd4 6. e5 d5 7. exf6 dxc4 8.
fxg7 Rg8 9. Re1+ Be7 10. Bg5 Be6 11. Bxe7 Kxe7 12. Re4 Qd5 13. Nc3 Qc5 14. Nxd4
Rad8 15. Nxc6+ Qxc6 16. Qg4 f6 17. Rae1 Rd6 18. Nb5 Kd7 19. Qe2 f5 20. Re5 Rxg7
21. g3 Rd5 22. Nxa7 Qc5 23. Rxe6 Qxa7 24. Re7+ Rxe7 25. Qxe7+ Kc6 26. Qe6+ Rd6
27. Qxc4+ Qc5 28. Qxc5+ Kxc5 29. Re5+ Rd5 30. Rxd5+ Kxd5 31. Kf1 Ke4 32. Ke2 f4
33. f3+ Kf5 34. g4+ Kg5 35. Kd3 h5 36. h3 1-0

[Event "Reykjavik Open 2026"]
[Site "Reykjavik ISL"]
[Date "2026.03.25"]
[Round "1.163"]
[White "Ardu, Luigi"]
[Black "Sankrithi, Sarang Athreya"]
[Result "0-1"]
[WhiteElo "1804"]
[BlackElo "1491"]
[WhiteFideId "811904"]
[BlackFideId "39939090"]
[EventDate "2026.03.25"]

1. e4 c6 2. d4 d5 3. e5 c5 4. dxc5 e6 5. Nf3 Bxc5 6. Bd3 Nd7 7. O-O Ne7 8. Bg5
h6 9. Bh4 b6 10. Nc3 g5 11. Bg3 a5 12. Nb5 Nc6 13. Nd6+ Bxd6 14. exd6 Ba6 15.
Bxa6 Rxa6 16. Re1 Nf6 17. Ne5 Nxe5 18. Bxe5 O-O 19. h4 Ne4 20. Qh5 Kh7 21. Re3
f6 22. hxg5 Nxg5 23. Rg3 fxe5 24. Re1 Qf6 25. Qe2 b5 26. d7 Rd6 27. f3 Rxd7 28.
Qxb5 Rdf7 29. Qxa5 e4 30. Qa3 exf3 31. Qd3+ Kh8 32. Rf1 f2+ 33. Kh1 Qf4 34. Rh3
Nxh3 35. Qxh3 Kh7 36. g3 Qe4+ 37. Kh2 Rf5 38. c3 Qf3 39. g4 Qxh3+ 40. Kxh3 Re5
41. Kg3 Re2 42. b4 Rxa2 43. Kg2 Rc2 44. b5 Rxc3 45. Rb1 f1=Q+ 46. Rxf1 Rxf1 47.
Kxf1 0-1

[Event "Reykjavik Open 2026"]
[Site "Reykjavik ISL"]
[Date "2026.03.25"]
[Round "1.164"]
[White "Skulason, Robert Heidar"]
[Black "Jarabek, Milan"]
[Result "0-1"]
[WhiteElo "1474"]
[BlackElo "1804"]
[WhiteFideId "2332825"]
[BlackFideId "14928264"]
[EventDate "2026.03.25"]

1. e4 c5 2. Nf3 a6 3. d4 cxd4 4. Nxd4 d6 5. Nc3 Nf6 6. Be3 Ng4 7. Bd2 Qb6 8. h3
Nxf2 9. Kxf2 Qxd4+ 10. Be3 Qxd1 11. Rxd1 e6 12. Bc4 b5 13. Bd3 Be7 14. e5 d5 15.
Rhf1 Nc6 16. Bf4 O-O 17. Ne2 Bc5+ 18. Ke1 Bb7 19. c3 Bb6 20. g4 Bc7 21. Nd4 Nxe5
22. Bc2 Rac8 23. b3 Nc6 24. Be3 Nxd4 25. Bxd4 Bg3+ 26. Ke2 e5 27. Be3 Rxc3 28.
Kd2 d4 29. Bg1 Bf4+ 30. Ke1 Rxc2 0-1

[Event "Reykjavik Open 2026"]
[Site "Reykjavik ISL"]
[Date "2026.03.25"]
[Round "1.166"]
[White "Schram Theodor Noel"]
[Black "Vega, Isaac"]
[Result "0-1"]
[WhiteElo "1460"]
[BlackElo "1803"]
[WhiteFideId "2331209"]
[BlackFideId "30914035"]
[EventDate "2026.03.25"]

1. e4 c5 2. Nf3 e6 3. d4 cxd4 4. Nxd4 a6 5. Nc3 Qc7 6. Bd3 Nf6 7. O-O Be7 8. Bg5
h6 9. Bxf6 Bxf6 10. Nf3 d6 11. h3 b5 12. a3 Bxc3 13. bxc3 Qxc3 14. Qd2 Qxd2 15.
Nxd2 Bb7 16. c4 bxc4 17. Nxc4 Ke7 18. Nb6 Ra7 19. Nc4 Nd7 20. Rac1 Nc5 21. Rfd1
Rd8 22. Be2 Nxe4 23. Bf3 Nf6 24. Bxb7 Rxb7 25. Na5 Rb6 26. Nc6+ Kd7 27. Nxd8
Kxd8 28. Rd2 d5 29. Rcd1 Kd7 30. g4 Ne4 31. Rd3 Nd6 32. R1d2 Nb5 33. Rb3 Rc6 34.
a4 Nd6 35. a5 Rc5 36. Ra2 Nc4 37. Rb7+ Rc7 38. Rxc7+ Kxc7 39. Rc2 Kc6 40. Kf1
Kb5 41. Ra2 Nxa5 42. Rb2+ Kc5 43. Rc2+ Nc4 44. Ra2 a5 45. Rc2 a4 46. Ra2 a3 47.
Rc2 Kb4 48. Ra2 Kb3 49. Re2 a2 50. Re1 Nd2+ 51. Ke2 Nb1 52. Kd3 a1=Q 53. Rc1 e5
54. h4 Qd4+ 55. Ke2 Qd2+ 56. Kf3 e4+ 57. Kg2 Qxc1 58. g5 h5 59. g6 fxg6 60. Kh2
Qf1 61. f4 Nd2 62. Kg3 e3 63. Kh2 e2 64. Kg3 e1=Q+ 65. Kh2 Nf3# 0-1

[Event "Reykjavik Open 2026"]
[Site "Reykjavik ISL"]
[Date "2026.03.25"]
[Round "1.167"]
[White "Kristinsson, Magnus"]
[Black "Einarsson, Gardar Hrafn"]
[Result "1-0"]
[WhiteElo "1801"]
[BlackElo "1456"]
[WhiteFideId "2305682"]
[BlackFideId "2332698"]
[EventDate "2026.03.25"]

1. e4 e5 2. d4 exd4 3. Qxd4 c5 4. Qe3 Nc6 5. Nf3 g6 6. Nc3 Bg7 7. Qxc5 d6 8. Qa3
Bd4 9. Bb5 Bc5 10. b4 Bb6 11. Bg5 Ne7 12. Nd5 O-O 13. Bxc6 bxc6 14. Bxe7 1-0